00803nam a2200193Ia 4500952009600000952009600096999001700192008004100209020001500250050001500265100002800280245004500308260003500353300001900388505012700407519004200534650002100576942001200597 00102lcc4070a01b01d2022-09-29l0oDS35 B47p16 002161r2023-07-12t1w2022-09-29yLB 00102lcc4070a01b01d2022-09-29l0oDS35 B47p16 002162r2024-11-25t2w2022-09-29yLB c69437d69437120626s9999 xx 000 0 und d a8432302147 aDS35 bB47 aBianco, Lucien eautor  aAsia contemporánea c/ Lucien, Bianco  aMéxico b: Siglo XXIc, 1976 a349 páginas  aI. El despertar de los nacionalismo II. La segunda guerra mundial y sus consecuencias III. La evolución contemporánea  aMaterial Complementario / d16 002161 0aASIA vHISTORIA  cLB2lcc